00514nam a2200157Ia 4500003000900000008004100009020001800050040001600068080001500084100002000099245012900119260004400248300001600292650002300308700002500331IN-BaIIA211028s9999 xx 000 0 eng d a0-19-509414-X cIIA Library a523.9bHOY aHoyt, Douglas V 0aTher role of the sun in climate changecDouglas V. Hoyt and Kenneth H. Schatten  aNew yorkbOxford University Pressc1997 aviii, 279p. aSolar Physics, Sun aSchatten, Kenneth H.